000 00753nam a22002537a 4500
001 3899
003 FISKH
005 20240524153946.0
008 240522b cb ||||| |||| 00| 0 eng d
040 _aFISK
_beng
_cFISK
_dFISK
050 _aPZ7.S269
082 _a823.91
100 _aSawyer Ruth
_d1880-1970
245 _aRoller skates /
_cRuth Sawyer
260 _aCanada :
_bPuffin Books ,
_c1936
300 _a186 pages :
_billustrations ;
_c20 cm
505 _aM
520 _aThe discoveries and adventures of ten-year-old Lucinda, who spends a wonderful year exploring the New York City of the 1890's.
521 8 _aM
_bLexile
521 8 _aM
_bRaz-Plus
700 _aRuth Sawyer
942 _2ddc
_cBK
_n0
999 _c3899
_d3899